000 00731nam a2200265 i 4500
001 C2-0295124
003 PPAK
005 20180728030743.0
008 090322s2009 my a|||| ||||| | may d
020 _a9789675169311
040 _aPPAK
_beng
_cPPAK
_erda
082 0 4 _a899.233
_223
090 0 0 _a899.233
_bJAM
_dK
100 0 _aJamilah Haji Bujang,
_eauthor
245 1 0 _aBintang bolasepak
264 1 _aKuala Lumpur :
_bE1 Publication ,
_c2009
300 _a32 pages :
_billustrations ;
_c26 cm
336 _2rdacontent
_atext
337 _2rdamedia
_aunmediated
338 _2rdacarrier
_avolume
490 1 _aSiri misi kerjaya
650 1 0 _aChildren's stories, Malay
830 0 _aSiri misi kerjaya
942 _ddc
_cB
999 _c99707
_d99707